00201 a2200085 4500245005200000100002200052650001500074005001700089084000900106 aLiterature the individual and the societyhText aRAYMOND SOUTHHALL aliterature20191017172243.0 aNONE